00806nam a22001935i 4500001000700000003000900007005001700016008004100033040001800074100005500092245013700147260006400284300002100348500006700369600002800436600002700464650002200491852009900513156409ES-MaACL20250816062549.0990719s1894 sp |||| | spa d aAR bspa cAR1 aJordán de Urríes y Azara, José (d1868-1932)10aTeorías sobre la belleza y el arte en las obras filosóficas de Cicerón y Séneca / cpor José Jordán de Urríes y Azara. aZaragoza : b[s.n.], c1894 (fEstab. Tip. de "La Derecha") a71 p. ; c24 cm. 1aTesis-Universidad de Madrid. Facultad de Filosofía y Letras.14aCicerón, Marco Tulio.04aSéneca, Lucio Anneo. 7aEstética2embne aES-MaACLjT-864-F-7 z-- Enc. hol., conservando la cub. original z-- Enc. en un vol. facticio